Estado contra mercado (Registro nro. 7039)

Detalles MARC
000 -LEADER
fixed length control field 00669 a2200217 4500
001 - CONTROL NUMBER
control field 60574
005 - DATE AND TIME OF LATEST TRANSACTION
control field 20260407155857.0
008 - FIXED-LENGTH DATA ELEMENTS--GENERAL INFORMATION
fixed length control field 260407a2000 arg spa d
003 - CONTROL NUMBER IDENTIFIER
control field AR-UNSa-BCEJYS
040 ## - CATALOGING SOURCE
Original cataloging agency AR-UNSa-BCEJYS
Language of cataloging spa
Transcribing agency AR-UNSa-BCEJYS
080 ## - UNIVERSAL DECIMAL CLASSIFICATION NUMBER
Universal Decimal Classification number 330.342.172
Common auxiliary subdivision Economía libre. Laissez-faire (Economía de Mercado)
020 ## - INTERNATIONAL STANDARD BOOK NUMBER
International Standard Book Number 978-84-306-0368-8
041 ## - LANGUAGE CODE
Language code of text/sound track or separate title spa
100 1# - MAIN ENTRY--PERSONAL NAME
Personal name Rodríguez Braun, Carlos
245 10 - TITLE STATEMENT
Title Estado contra mercado
264 #1 - PRODUCTION, PUBLICATION, DISTRIBUTION, MANUFACTURE, AND COPYRIGHT NOTICE
Place of production, publication, distribution, manufacture Madrid :
Name of producer, publisher, distributor, manufacturer Taurus
Date of production, publication, distribution, manufacture, or copyright notice 2000
300 ## - PHYSICAL DESCRIPTION
Extent 138 p.
Dimensions 21 cm.
505 ## - FORMATTED CONTENTS NOTE
Formatted contents note 1. Introducción - 2. Elogio del mercado – 3. Critica del estado.
590 ## - LOCAL NOTE (RLIN)
Local note niveau_biblio:m niveau_hierar:0
942 ## - ADDED ENTRY ELEMENTS (KOHA)
Koha item type
Existencias
Withdrawn status Lost status Damaged status Not for loan Home library Current library Shelving location Date acquired Total checkouts Full call number Barcode Date last seen Price effective from Koha item type
        Biblioteca Prof. Eusebio Cleto del Rey Biblioteca Prof. Eusebio Cleto del Rey   07/04/2026   330.342.172 R696 L129230 07/04/2026 07/04/2026 Libro